00434nam a22000977a 4500008004100000050002700041100002800068245017200096260005400268300001400322210203b xxu||||| |||| 00| 0 eng d aGMB0001b.B48 2016 c.1 aBett, Robert Kipngetich aEffectiveness of agency banking in enhancing competitive strategy in banking sector.ba case of Kenya commercial bank in Nakuru County, Kenya cRobert Kipng'etich Bett aKabarak, Nakuru, Kenya bKabarak Universityc2016 a72 leaves